[Event "Brasschaat op 17th"]
[Site "Brasschaat"]
[Date "2017.08.22"]
[Round "4"]
[White "Van Hecke, Jeroen"]
[Black "Schroer, Marcel"]
[Result "0-1"]
[WhiteElo "1774"]
[BlackElo "2020"]
[PlyCount "40"]
[EventDate "2017.08.19"]
[EventType "swiss"]
[EventRounds "9"]
[EventCountry "BEL"]
[SourceTitle "CBM 180 Extra"]
[Source "ChessBase"]
[SourceDate "2017.10.06"]
[SourceVersion "1"]
[SourceVersionDate "2017.10.06"]
[SourceQuality "1"]

1. d4 g6 2. c4 Bg7 3. Nc3 Nf6 4. e4 d6 5. Nf3 0-0 6. Be2 Na6 7. 0-0 e5 8. d5 Nc5 9. Qc2 a5 10. Bg5 h6 11. Bh4 g5 12. Bg3 Nh5 13. a3 a4 14. Nd2 Nf4 15. b4 axb3 16. Nxb3 Nxb3 17. Qxb3 b6 18. Ra2 f5 19. Rfa1 Nxe2+ 20. Rxe2 f4 0-1

[Event "Brasschaat op 09th"]
[Site "Brasschaat"]
[Date "2009.08.15"]
[Round "1"]
[White "Sadkowsky, Daniel"]
[Black "Van Hecke, Jeroen"]
[Result "1-0"]
[WhiteElo "2277"]
[BlackElo "1718"]
[PlyCount "61"]
[EventDate "2009.08.15"]
[EventType "swiss"]
[EventRounds "9"]
[EventCountry "BEL"]
[SourceTitle "CBM 131 Extra"]
[Source "ChessBase"]
[SourceDate "2009.09.03"]
[SourceVersion "2"]
[SourceVersionDate "2009.09.16"]
[SourceQuality "1"]

1. c4 d6 2. Nc3 c5 3. Nf3 Nc6 4. e3 g6 5. d4 cxd4 6. exd4 Bg7 7. Be2 Nf6 8. 0-0 0-0 9. d5 Nb8 10. Nd4 Nbd7 11. Be3 Ne5 12. h3 a6 13. Qd2 Ne8 14. Rac1 f5 15. f4 Nf7 16. Bf3 Nc7 17. Na4 Bd7 18. Nb6 Rb8 19. Rfe1 Bf6 20. Bf2 Be8 21. a4 Nh6 22. a5 Kg7 23. g4 fxg4 24. hxg4 Kf7 25. Ne6 Nxe6 26. dxe6+ Kg8 27. g5 Bxg5 28. fxg5 Rxf3 29. gxh6 Bc6 30. Nd5 Qf8 31. Qd4 1-0

[Event "BEL-ch U20"]
[Site "Houffalize"]
[Date "2009.04.18"]
[Round "8"]
[White "Geerts, Truike"]
[Black "Van Hecke, Jeroen"]
[Result "0-1"]
[WhiteElo "1559"]
[BlackElo "1718"]
[PlyCount "88"]
[EventDate "2009.04.13"]
[EventType "swiss"]
[EventRounds "9"]
[EventCountry "BEL"]
[SourceTitle "EXT 2012"]
[Source "ChessBase"]
[SourceDate "2011.11.24"]
[SourceVersion "1"]
[SourceVersionDate "2011.11.24"]
[SourceQuality "1"]

1. e4 d6 2. Nc3 Nf6 3. g3 g6 4. Bg2 Bg7 5. Nge2 0-0 6. 0-0 c5 7. h3 Nc6 8. d3 Rb8 9. f4 b5 10. a3 Bd7 11. g4 b4 12. axb4 cxb4 13. Nb1 Ne8 14. f5 Qb6+ 15. Kh1 Be5 16. Bh6 Ng7 17. g5 Bxb2 18. Ra2 Be5 19. f6 exf6 20. gxf6 Nh5 21. Bxf8 Rxf8 22. Nd2 Be6 23. Nc4 Bxc4 24. dxc4 Nd4 25. Bf3 Nxe2 26. Bxe2 Qe3 27. Rf3 Ng3+ 28. Kg2 Qxe2+ 29. Qxe2 Nxe2 30. Rxa7 Nf4+ 31. Kf1 Nh5 32. Rb7 Ng3+ 33. Kg2 Nxe4 34. Rxb4 Nxf6 35. Rb6 Ne4 36. Rc6 Ng5 37. Re3 Ne6 38. c5 Bd4 39. Rxe6 fxe6 40. Rxd6 Bxc5 41. Rxe6 Rf2+ 42. Kh1 Rxc2 43. Rc6 Kg7 44. Rc7+ Kh6 0-1

[Event "BEL-ch U20"]
[Site "Houffalize"]
[Date "2009.04.13"]
[Round "1"]
[White "Van Hecke, Jeroen"]
[Black "De Winter, Pepijn"]
[Result "1-0"]
[WhiteElo "1718"]
[BlackElo "1150"]
[PlyCount "93"]
[EventDate "2009.04.13"]
[EventType "swiss"]
[EventRounds "9"]
[EventCountry "BEL"]
[SourceTitle "EXT 2012"]
[Source "ChessBase"]
[SourceDate "2011.11.24"]
[SourceVersion "1"]
[SourceVersionDate "2011.11.24"]
[SourceQuality "1"]

1. d4 Nf6 2. c4 g6 3. Nc3 Bg7 4. e4 d6 5. Nf3 0-0 6. Be2 c6 7. 0-0 Qb6 8. a4 a5 9. Qc2 Bg4 10. Be3 Nbd7 11. Rfb1 Ne8 12. d5 c5 13. Ra3 Rb8 14. Nb5 Nc7 15. Rb3 Nxb5 16. Rxb5 Qa6 17. Bd2 b6 18. Bc3 Bxf3 19. Bxg7 Kxg7 20. Bxf3 Kg8 21. g3 Ne5 22. Kg2 Nxf3 23. Kxf3 Rfd8 24. h4 f6 25. Kg2 Kf7 26. h5 Qb7 27. Rh1 Rh8 28. Qe2 Qd7 29. Qe3 Qc7 30. Qf4 g5 31. Qf5 Qc8 32. Qxc8 Rhxc8 33. Rf1 h6 34. g4 Kg7 35. f4 Rf8 36. Rf3 Rf7 37. Rfb3 gxf4 38. Rxa5 bxa5 39. Rxb8 Rf8 40. Rb5 Ra8 41. Kf3 Kf7 42. Kxf4 Ra7 43. Rb8 Kg7 44. Kf5 Kf7 45. e5 fxe5 46. g5 hxg5 47. h6 1-0

[Event "Ghent VSF-chB"]
[Site "Ghent"]
[Date "2007.05.17"]
[Round "1"]
[White "Van Hecke, Jeroen"]
[Black "Gijsen, Stief"]
[Result "1-0"]
[WhiteElo "1617"]
[BlackElo "2107"]
[PlyCount "54"]
[EventDate "2007.05.17"]
[EventType "swiss"]
[EventRounds "7"]
[EventCountry "BEL"]
[SourceTitle "EXT 2009"]
[Source "ChessBase"]
[SourceDate "2008.11.26"]
[SourceVersion "1"]
[SourceVersionDate "2008.11.26"]
[SourceQuality "1"]

1. d4 Nf6 2. c4 c5 3. d5 b5 4. cxb5 a6 5. b6 e6 6. Nc3 exd5 7. Nxd5 Nxd5 8. Qxd5 Nc6 9. Nf3 Rb8 10. e4 Be7 11. Bc4 0-0 12. 0-0 Na5 13. Bf4 Rxb6 14. b3 Bb7 15. Qd3 Nxc4 16. bxc4 Re6 17. Rfe1 Qa8 18. Nd2 Re8 19. f3 Bf6 20. Rad1 d5 21. Kf1 dxe4 22. fxe4 Bd4 23. Be3 f5 24. Bxd4 fxe4 25. Qe3 cxd4 26. Qxd4 e3 27. Nb3 e2+ 1-0